AutoCad for electronics : (Record no. 66673)
[ view plain ]
| 000 -LEADER | |
|---|---|
| fixed length control field | 01165cam a2200289 a 4500 |
| 001 - CONTROL NUMBER | |
| control field | 672381 |
| 003 - CONTROL NUMBER IDENTIFIER | |
| control field | NUST - PNEC |
| 005 - DATE AND TIME OF LATEST TRANSACTION | |
| control field | 20170116181000.0 |
| 008 - FIXED-LENGTH DATA ELEMENTS--GENERAL INFORMATION | |
| fixed length control field | 950703s1996 njua 001 0 eng |
| 010 ## - LIBRARY OF CONGRESS CONTROL NUMBER | |
| LC control number | 95034468 |
| 020 ## - INTERNATIONAL STANDARD BOOK NUMBER | |
| International Standard Book Number | 0132326388 |
| 035 ## - SYSTEM CONTROL NUMBER | |
| System control number | (DLC) 95034468 |
| 040 ## - CATALOGING SOURCE | |
| Transcribing agency | LiBRARY |
| 082 00 - DEWEY DECIMAL CLASSIFICATION NUMBER | |
| Classification number | 621.3810285 TUM |
| 100 1# - MAIN ENTRY--PERSONAL NAME | |
| Personal name | Tumilty, Thomas, |
| Dates associated with a name | 1938- |
| 245 10 - TITLE STATEMENT | |
| Title | AutoCad for electronics : |
| Remainder of title | a tutorial / |
| Statement of responsibility, etc. | Thomas Tumilty. |
| 250 ## - EDITION STATEMENT | |
| Edition statement | 2nd ed. |
| 260 ## - PUBLICATION, DISTRIBUTION, ETC. | |
| Place of publication, distribution, etc. | Englewood Cliffs, N.J. : |
| Name of publisher, distributor, etc. | Prentice Hall, |
| Date of publication, distribution, etc. | c1996. |
| 300 ## - PHYSICAL DESCRIPTION | |
| Extent | xxxiv, 412 p. : |
| Other physical details | ill. ; |
| Dimensions | 28 cm. + |
| Accompanying material | 1 computer disk (3 1/2 in.) |
| 500 ## - GENERAL NOTE | |
| General note | Includes index. |
| 538 ## - SYSTEM DETAILS NOTE | |
| System details note | System requirements for accompanying computer disk: An IBM 386 or later, or 100-percent compatible computer with a math co-processor, a 3 1/2" disk drive and a hard drive. MS-DOS or PC-DOS or Windows 3.1 operating system; AutoCAD version 2.18 or later. |
| 630 00 - SUBJECT ADDED ENTRY--UNIFORM TITLE | |
| Uniform title | AutoCAD. |
| 650 #0 - SUBJECT ADDED ENTRY--TOPICAL TERM | |
| Topical term or geographic name entry element | Electronics |
| General subdivision | EL |
| 906 ## - LOCAL DATA ELEMENT F, LDF (RLIN) | |
| a | 7 |
| b | cbc |
| c | orignew |
| d | 1 |
| e | ocip |
| f | 19 |
| g | y-gencatlg |
| 942 ## - ADDED ENTRY ELEMENTS (KOHA) | |
| Source of classification or shelving scheme | |
| Koha item type | Book |
| Withdrawn status | Lost status | Source of classification or shelving scheme | Damaged status | Not for loan | Permanent Location | Current Location | Shelving location | Date acquired | Total Checkouts | Full call number | Barcode | Date last seen | Price effective from | Koha item type |
|---|---|---|---|---|---|---|---|---|---|---|---|---|---|---|
| Pakistan Navy Engineering College (PNEC) | Pakistan Navy Engineering College (PNEC) | 621.3810285 TUM | PNECLIB-019612 | 09/12/2015 | Book | |||||||||
| Pakistan Navy Engineering College (PNEC) | Pakistan Navy Engineering College (PNEC) | 621.3810285 TUM | PNECLIB-019611 | 09/13/2015 | Book |
